Normal view
MARC view
Entry Personal Name
001 - CONTROL NUMBER
- control field: 42700
003 - CONTROL NUMBER IDENTIFIER
- control field: dpl
005 - DATE AND TIME OF LATEST TRANSACTION
- control field: 20120221141243.0
008 - FIXED-LENGTH DATA ELEMENTS
- fixed length control field: 120221|||a|||||| | ||| d
040 ## - CATALOGING SOURCE
- Original cataloging agency: dpl
- Transcribing agency: dpl
100 ## - HEADING--PERSONAL NAME
- Personal name: Garkoti, G. K.
670 ## - SOURCE DATA FOUND
- Source citation: Work cat.: (dpl): Garkoti, G. K., Concise encyclopaedia of Library Information technology /, 2001
670 ## - SOURCE DATA FOUND
- Source citation: Work cat.: (dpl): Garkoti, G. K., Concise encyclopaedia of Library Information technology /, 2001
